Normal view
MARC view
- NEURAL NETWORKS-COMPUTER SCIENCE MANUFACTURING PROCESSES
Entry Topical Term
001 - CONTROL NUMBER
- control field: 75886
003 - CONTROL NUMBER IDENTIFIER
- control field: NUST
005 - DATE AND TIME OF LATEST TRANSACTION
- control field: 20210628205525.0
008 - FIXED-LENGTH DATA ELEMENTS
- fixed length control field: 210628|| aca||aabn | a|a d
040 ## - CATALOGING SOURCE
- Original cataloging agency: NUST
- Transcribing agency: NUST
150 ## - HEADING--TOPICAL TERM
- Topical term or geographic name entry element: NEURAL NETWORKS-COMPUTER SCIENCE MANUFACTURING PROCESSES
670 ## - SOURCE DATA FOUND
- Source citation: Work cat.: (NUST): Dagli, Cihan H 75885, Artificial neural networks for intelligent manufacturing, 1994
